| 000 | 00855cab a2200265 4500 | ||
|---|---|---|---|
| 001 | ABS59798 | ||
| 008 | 090401t1998 xxu||||| |||| 00| 0 eng d | ||
| 035 | _a(Sirsi) u90275 | ||
| 041 | _aeng | ||
| 100 | _aBrown, M. | ||
| 245 | _aSuccessful prosecution in North London | ||
| 260 | _c1998 | ||
| 350 | _a0 | ||
| 490 |
_aContext _v60 December 1998, 27-28(2) |
||
| 520 | _aDiscussion on the recent case where a developer was fined for carrying out unauthorised alterations to a listed building, Laurel Cottages, Totterige. Also gives advice and general observations on compiling cases for prosecution. | ||
| 650 | _aALTERATIONS | ||
| 650 | _aBUILDING CONSERVATION | ||
| 650 | _aLAUREL COTTAGES | ||
| 650 | _aLISTED BUILDINGS | ||
| 650 | _aPROSECUTION | ||
| 650 | _aREPAIRS | ||
| 690 | _aCONSERVATION | ||
| 942 | _n0 | ||
| 948 | _c14/12/1998 | ||
| 999 |
_c57215 _d57215 |
||